000 00978cam a22003137a 4500
003 CHAP
005 20220329133618.0
008 971013s1991 r 00010 d
010 _a8548
011 _a9520
035 _a8755
040 _cCHAP
090 _aTesis
100 0 0 _aCaballero Mata, César.
_916563
245 1 3 _aLa roya del frijol causada por (Uromyces phaseoli var typica Arth)
260 _aMarín, N.L. :
_bEl autor,
_c1991
300 _a52 h
502 _aTesis (Ing. Agr. Fitotecnista) -- UANL. Facultad de Agronomía
590 _aALEPH
_b10
_c20130110
_lUCH01
_h1223
590 _aBATCH-UPD
_b10
_c20130110
_lUCH01
_h2101
590 _aBATCH-UPD
_b10
_c20130410
_lUCH01
_h1413
590 _aBATCH-UPD
_b10
_c20130914
_lUCH01
_h1439
590 _aCONVERSION
_b10
_c20130109
_lUCH01
_h1306
650 1 4 _aFrijol
_xEnfermedades.
_943367
650 1 4 _aRoya del frijol.
_9100386
901 _aBK
942 _cTESIS
949 _bBC
_cTES
_d-19084
_eTS1
_h25972
_i8755
_si
999 _c8548
_d8548